000 00644nmm a2200193Ia 4500
008 251105s9999||||xx |||||||||||||||||und||
020 _a9788415893486
041 _aspa
100 _aDurst-Benning, Petra
245 0 _aLa artesana del vidrio :
_b Tres hermanas desafían las reglas sociales en un pequeño pueblo a finales del siglo XIX
264 _a[Madrid, España] :
_bMaeva Ediciones,
_c2014
300 _a0 páginas
490 _aNueva Historia
650 _aHistorical fiction
700 _aDurst-Benning, Petra
700 1 _a Blanco Santos, Rosa Pilar
856 _uhttps://public.digitaliapublishing.com/a/31416
942 _cCF
999 _c64952
_d64952